000 00609cab a2200241 4500
001 A371
008 090401t1983 xxu||||| |||| 00| 0 eng d
035 _a(Sirsi) u28764
041 _aeng
100 _aRatcliffe, J.
245 _aWhither the willing buyer
260 _c1983
350 _a0
490 _aJournal of Valuation
_v(1983) 2JV
520 _aConsiders the concept of open market value.
650 _aASSET VALUATION
650 _aOPEN MARKET VALUE
650 _aWILLING PURCHASER
650 _aWILLING SELLER
690 _aRATING AND VALUATION
942 _n0
948 _c04/03/1997
999 _c19343
_d19343